| 000 | 01376nam a2200229 i 4500 | ||
|---|---|---|---|
| 001 | 173047 | ||
| 003 | ES-MaACL | ||
| 005 | 20240229062731.0 | ||
| 008 | 091019s1808 sp |||| | spa d | ||
| 100 | 1 |
_aArias, Juan de _9141467 _eaut |
|
| 245 | 1 | 0 |
_aManifiesto imparcial y exacto de lo más importante ocurrido en Aranjuez, Madrid y Bayona : _bdesde 17 de marzo hasta 15 de mayo de 1808 : sobre la caída del Príncipe de la Paz, y sobre el fin de la amistad y alianza de los franceses con los españoles / _cescrito en Madrid y cedido su producto a beneficio de los pobres de la Casa de Misericordia de Cádiz [por J. de A.]. |
| 260 |
_a[Cádiz : _bs.n. ], _c1808 _f(Imp. en dicha Casa) |
||
| 300 |
_a43 p. ; _c20 cm. |
||
| 600 | 0 | 4 |
_aCarlos _bIV, _cRey de España _935307 |
| 600 | 0 | 4 |
_aGodoy, Manuel de, _cPríncipe de la Paz _957538 |
| 651 | 4 |
_aEspaña- _xHistoria- _y1808-1814, Guerra de la Independencia _98244 |
|
| 852 | 4 |
_aES-MaACL _jR-3318(1) _z- Enc. en un vol. facticio con otras obras formando "Miscelánea patriótica" _z- Enc. piel |
|
| 852 | 4 |
_aES-MaACL _jR-3318(1) _zEnc. en un vol. facticio con otras obras formando "Miscelánea patriótica" _zEnc. piel |
|
| 852 | 4 |
_aES-MaACL _jR-3318(1) _zEncuadernado en un volumen facticio con otras obras formando "Miscelánea patriótica" _zEncuadernación en piel |
|
| 942 | _2udc | ||
| 999 |
_c173047 _d173047 |
||